01205cam a22002891i 4500001001300000003000400013005001700017008004100034010001700075035001900092040002600111042001200137050002400149110003600173245008400209260004400293300003500337490002300372500011800395500025000513650003200763650002900795650002000824700003600844700001800880999001700898l 22000197 DLC20260227111528.0761005s1922 dcua f000 0 eng  al 22000197  a(OCoLC)2480758 aDLCcGMiWdOCoLCdDLC apremarc00aHD6593b.A35 no. 221 aUnited States.bWomen's Bureau.10aWomen in Georgia industries :ba study of hours, wages, and working conditions. aWashington :bGov't print. off.,c1922. avii, 89 p. ;bdiagr. ;c23 cm.0 aBulletin ;vno. 22 aAt head of title: U.S. Department of labor. James J. Davis, secretary. Women's bureau. Mary Anderson, director. a"The Atlanta survey was conducted by Miss Helen Bryan and the state-wide survey was conducted by Mrs. Ethel L. Best. The material secured was tabulated by the Women's bureau and the report written by Mrs. Ethel L. Best."--Letter of transmittal. 0aWomenxEmploymentzGeorgia. 0aHours of laborzGeorgia. 0aWageszGeorgia.1 aBest, Ethel L.q(Ethel Lombard)1 aBryan, Helen. c35638d35638